Governors of West Virginia - Statistics

General Stats
  • This quiz has been taken 20 times
    15 since last reset
  • The average score is 13 of 37
Answer Stats
Hint Answer % Correct
1969-1977 Arch A. Moore Jr.
75%
1985-1989 Arch A. Moore Jr.
75%
2010-2017 Earl Ray Tomblin
75%
1977-1985 Jay Rockefeller
75%
2005-2010 Joe Manchin
75%
2001-2005 Bob Wise
63%
1957-1961 Cecil H. Underwood
63%
1997-2001 Cecil H. Underwood
63%
2017-2025 Jim Justice
63%
1863-1869 Arthur I. Boreman
50%
1989-1997 Gaston Caperton
50%
1965-1969 Hulett C. Smith
38%
1945-1949 Clarence W. Meadows
25%
1869 Daniel D. T. Farnsworth
25%
1921-1925 Ephraim F. Morgan
25%
1913-1917 Henry D. Hatfield
25%
1933-1937 Herman G. Kump
25%
1925-1929 Howard Mason Gore
25%
1881-1885 Jacob B. Jackson
25%
1917-1921 John J. Cornwell
25%
1871-1877 John J. Jacob
25%
1949-1953 Okey Patteson
25%
1961-1965 Wally Barron
25%
1893-1897 William A. MacCorkle
25%
1953-1957 William C. Marland
25%
1929-1933 William G. Conley
25%
1901-1905 Albert B. White
13%
1890-1893 Aretas B. Fleming
13%
1885-1890 Emanuel Willis Wilson
13%
1897-1901 George W. Atkinson
13%
1877-1881 Henry M. Mathews
13%
1937-1941 Homer A. Holt
13%
1941-1945 Matthew M. Neely
13%
2025- Patrick Morrisey
13%
1909-1913 William E. Glasscock
13%
1869-1871 William E. Stevenson
13%
1905-1909 William M. O. Dawson
13%
No matching quizzes found
Score Distribution
Percent of People with Each Score
Percentile by Number Answered
Your Score History
You have not taken this quiz since the last reset